| 000 | 00399nam a2200145Ia 4500 | ||
|---|---|---|---|
| 008 | 230312s9999||||xx |||||||||||||| ||und|| | ||
| 020 | _a978-1119059486 | ||
| 082 |
_a624.0285536 _bCHA-A |
||
| 100 | _aChappell;Eric | ||
| 245 | 0 | _aAutodesk Infraworks 360 and Autodesk Infraworks 360 LT essentials | |
| 260 |
_bSybex _acanada _c2015 |
||
| 300 | _a341 | ||
| 650 |
_aEngineering _vComputer |
||
| 942 | _cBK | ||
| 999 |
_c14211 _d14211 |
||